00769 a2200181 4500003000500000005001700005040000900022082001500031100003900046245005300085260003300138300001000171942002400181999001900205952012100224952012100345952012100466Nust20230308102838.0 cNust a297.55,KIL aMulana Abdul Rehman Kilani9109982 aSheriat O Tariqat / cMulana Abdul Rehman Kilani aLahorebMaktba AlIslamc2001 a528p. 2ddccBKk297.55,KIL c189599d189599 00102ddc4070aMCSbMCScGENd2016-12-12o297,KILpMCS33026r2016-12-08w2016-12-12yBKzAlmirha No 64, Shelf No 3 00102ddc4070aMCSbMCScGENd2016-12-12o297,KILpMCS33029r2016-12-08w2016-12-12yBKzAlmirha No 64, Shelf No 3 00102ddc4070aMCSbMCScGENd2016-12-12o297,KILpMCS33030r2016-12-08w2016-12-12yBKzAlmirha No 64, Shelf No 3